000 00336 a2200133 4500
001 148628
040 _cEscola São Tomás de Aquino
100 _aPESTILLI, Ellen
240 1 0 _aTão longe e tão perto dos bichos
_lpor
245 1 0 _aTão longe e tão perto dos bichos
362 0 _a2006
697 _a*LITERATURA INFANTO
942 _cBK
999 _c148628
_d148628